[Event "Kretsmesterskap  i lagsjakk for Troms og"]
[Site "Hotell Thon - Arena Hall"]
[Date "2025.01.31"]
[Round "1"]
[White "Andreassen, Erik T."]
[Black "Halvorsen, Benjamin"]
[Result "0-1"]
[WhiteElo "1808"]
[BlackElo "1916"]
[PlyCount "52"]
[EventDate "2025.??.??"]

1. e4 d6 2. Nf3 Nf6 3. Nc3 g6 4. d4 c6 5. e5 dxe5 6. Nxe5 Bg7 7. Bc4 e6 8. Bg5
h6 9. Bh4 b5 10. Bb3 Qb6 11. Bxf6 Bxf6 12. Ne4 Be7 13. Qg4 Nd7 14. Nxg6 Rg8 15.
Bxe6 Rxg6 16. Bxf7+ Kxf7 17. Qf5+ Nf6 18. Qf4 Rg4 19. Nd6+ Bxd6 20. Qxd6 Re4+
21. Kf1 Rxd4 22. Qg3 Be6 23. Qe3 Rad8 24. Re1 Re4 25. Qc3 Bc4+ 26. Kg1 b4 0-1

[Event "Kretsmesterskap  i lagsjakk for Troms og"]
[Site "Hotell Thon - Arena Hall"]
[Date "2025.02.01"]
[Round "3"]
[White "Arneberg, Isak"]
[Black "Remman, Frank"]
[Result "0-1"]
[WhiteElo "1445"]
[BlackElo "1869"]
[PlyCount "32"]
[EventDate "2025.??.??"]

1. e4 c5 2. Nf3 e6 3. Nc3 Nc6 4. Bb5 Nge7 5. d4 cxd4 6. Nxd4 Nxd4 7. Qxd4 a6 8.
Ba4 b5 9. Bb3 Nc6 10. Qd1 Bc5 11. Qg4 O-O 12. Bh6 Qf6 13. Bf4 d5 14. exd5 exd5
15. Nxd5 Re8+ 16. Kd2 Qd4+ 0-1

[Event "Kretsmesterskap  i lagsjakk for Troms og"]
[Site "Hotell Thon - Arena Hall"]
[Date "2025.02.01"]
[Round "2"]
[White "Bech, Håvard E."]
[Black "Høifødt, Jakob S."]
[Result "1-0"]
[WhiteElo "2009"]
[BlackElo "1674"]
[PlyCount "71"]
[EventDate "2025.??.??"]

1. d4 d5 2. c4 e6 3. Nf3 Nf6 4. Nc3 Be7 5. Bf4 O-O 6. e3 dxc4 7. Bxc4 Nbd7 8.
e4 c5 9. O-O Nb6 10. Bd3 Bd7 11. a4 Bc6 12. dxc5 Bxc5 13. e5 Nfd5 14. Bxh7+ Kh8
15. Nxd5 Nxd5 16. Bg5 Be7 17. Bxe7 Qxe7 18. Bb1 Nf4 19. Qd2 Nh3+ 20. gxh3 Bxf3
21. Ra3 Bc6 22. Rg3 Qh4 23. Rg4 Qh6 24. Qb4 g5 25. Qe7 Rg8 26. f4 gxf4 27. Qxf7
Rxg4+ 28. hxg4 f3 29. Qf6+ Qxf6 30. exf6 e5 31. g5 e4 32. Kf2 Kg8 33. g6 Bd5
34. Rd1 Bb3 35. Rd7 Be6 36. Re7 1-0

[Event "Kretsmesterskap  i lagsjakk for Troms og"]
[Site "Hotell Thon - Arena Hall"]
[Date "2025.02.02"]
[Round "4"]
[White "Bech, Håvard E."]
[Black "Schouten, Mathias L."]
[Result "0-1"]
[WhiteElo "2009"]
[BlackElo "2268"]
[PlyCount "60"]
[EventDate "2025.??.??"]

1. c4 e5 2. Nc3 Nc6 3. Nf3 f5 4. d4 e4 5. Ng5 Bb4 6. Nh3 Nf6 7. e3 O-O 8. Bd2
d6 9. a3 Bxc3 10. Bxc3 Qe7 11. Be2 Nd8 12. Nf4 Ne6 13. d5 Nxf4 14. exf4 Bd7 15.
h4 e3 16. f3 Nh5 17. Qd4 c5 18. dxc6 bxc6 19. Rd1 Rf6 20. Bb4 Rb8 21. Bxd6 Rxd6
22. Qxd6 Qxd6 23. Rxd6 Rxb2 24. g4 Nxf4 25. Rh2 fxg4 26. fxg4 Bxg4 27. Rd8+ Kf7
28. Rd4 Rb1+ 29. Bd1 Kg6 30. h5+ Kg5 0-1

[Event "Kretsmesterskap  i lagsjakk for Troms og"]
[Site "Hotell Thon - Arena Hall"]
[Date "2025.02.02"]
[Round "5"]
[White "Carlsen, Kjell A."]
[Black "Halvorsen, Benjamin"]
[Result "0-1"]
[WhiteElo "1662"]
[BlackElo "1916"]
[PlyCount "40"]
[EventDate "2025.??.??"]

1. d4 f5 2. c4 Nf6 3. Nf3 e6 4. Nc3 d5 5. c5 Be7 6. e3 O-O 7. Bd3 Ne4 8. Qc2 b6
9. b4 a5 10. Rb1 axb4 11. Rxb4 bxc5 12. Rb2 Nc6 13. Ne5 Nb4 14. Qe2 Nxc3 15.
Qd2 Nxd3+ 16. Nxd3 Ne4 17. Qe2 Bf6 18. O-O c4 19. Ne5 Bxe5 20. dxe5 c3 0-1

[Event "Kretsmesterskap  i lagsjakk for Troms og"]
[Site "Hotell Thon - Arena Hall"]
[Date "2025.02.01"]
[Round "2"]
[White "Domben, Pål"]
[Black "Andreassen, Erik T."]
[Result "0-1"]
[WhiteElo "1594"]
[BlackElo "1808"]
[PlyCount "98"]
[EventDate "2025.??.??"]

1. d4 d5 2. Nc3 Nf6 3. b3 e6 4. a3 c5 5. e3 Nc6 6. Nf3 a6 7. Bb2 Bd7 8. Be2 b5
9. Ne5 Rc8 10. O-O Bd6 11. Nxd7 Qxd7 12. dxc5 Bxc5 13. b4 Bd6 14. Bf3 Be5 15.
Rb1 Nxb4 16. Nxb5 Bxb2 17. Rxb2 Nxc2 18. Rxc2 axb5 19. Rxc8+ Qxc8 20. Be2 O-O
21. Bxb5 Qc5 22. a4 Ne4 23. Qd4 Qxd4 24. exd4 Nc3 25. f4 Nxb5 26. axb5 Rb8 27.
Rb1 f5 28. Kf2 Kf7 29. h3 Ke7 30. Kf3 Kd7 31. g4 Ra8 32. Rb3 g6 33. Ke3 Kc7 34.
Kf3 Ra4 35. b6+ Kb7 36. Ke3 Rc4 37. g5 Rc6 38. Kd3 Rc1 39. Ke2 Rc2+ 40. Kf3 Rh2
41. Kg3 Rd2 42. Rb4 Rc2 43. Rb3 Rc4 44. Re3 Rc6 45. Rb3 Rxb6 46. Rxb6+ Kxb6 47.
Kf3 Kb5 48. Ke3 Kc4 49. h4 Kc3 0-1

[Event "Kretsmesterskap  i lagsjakk for Troms og"]
[Site "Hotell Thon - Arena Hall"]
[Date "2025.02.02"]
[Round "4"]
[White "Fredriksen, Johnny"]
[Black "Aanstad, Magnus"]
[Result "1/2-1/2"]
[WhiteElo "1812"]
[BlackElo "1984"]
[PlyCount "94"]
[EventDate "2025.??.??"]

1. c4 e5 2. Nc3 Nc6 3. g3 f5 4. Bg2 Nf6 5. d3 Be7 6. e3 O-O 7. Nge2 d6 8. Rb1
a5 9. a3 Be6 10. b4 axb4 11. axb4 Rb8 12. Nd5 Kh8 13. Bd2 Qd7 14. Nec3 Bd8 15.
b5 Ne7 16. Nxe7 Bxe7 17. Nd5 Nxd5 18. cxd5 Bf7 19. f4 Bg6 20. O-O exf4 21. gxf4
Bf6 22. Qf3 Rbe8 23. b6 cxb6 24. Rxb6 Qc7 25. Rfb1 Qc2 26. Qf2 Qxd3 27. Rxb7
Bh4 28. Qxh4 Qxd2 29. Qf2 Qd3 30. R7b3 Qc4 31. Rb4 Qc5 32. R4b3 Re7 33. Qd2
Rfe8 34. Kf2 Rc7 35. Rb8 Rce7 36. Rxe8+ Rxe8 37. Rc1 Qa7 38. Rc6 Qe7 39. Qc3 h6
40. Rc8 Qh4+ 41. Kf1 Kh7 42. Rxe8 Bxe8 43. Qd3 Qxh2 44. Qxf5+ Bg6 45. Qh3 Bd3+
46. Kf2 Qxh3 47. Bxh3 g5 1/2-1/2

[Event "Kretsmesterskap  i lagsjakk for Troms og"]
[Site "Hotell Thon - Arena Hall"]
[Date "2025.02.01"]
[Round "2"]
[White "Fredriksen, Johnny"]
[Black "Strøm, Bjørn M."]
[Result "0-1"]
[WhiteElo "1812"]
[BlackElo "1590"]
[PlyCount "62"]
[EventDate "2025.??.??"]

1. d4 Nf6 2. Nf3 d5 3. c4 e6 4. Nc3 Be7 5. Bg5 h6 6. Bh4 O-O 7. e3 b6 8. Bd3
Bb7 9. cxd5 Nxd5 10. Bxe7 Qxe7 11. Nxd5 Bxd5 12. O-O Nd7 13. e4 Bb7 14. Qd2
Rad8 15. Qc3 c5 16. Bc2 cxd4 17. Qxd4 Nf6 18. Qa4 Rd7 19. Rfe1 Rfd8 20. Rac1
Nh7 21. Qc4 Ng5 22. Ne5 Rd6 23. f4 Nh7 24. Nf3 Rc8 25. Qe2 Rdc6 26. Qe3 Rxc2
27. Rxc2 Rxc2 28. Nd4 Rxb2 29. Qc3 Rxa2 30. f5 e5 31. Nb3 Qh4 0-1

[Event "Kretsmesterskap  i lagsjakk for Troms og"]
[Site "Hotell Thon - Arena Hall"]
[Date "2025.02.02"]
[Round "4"]
[White "Halvorsen, Benjamin"]
[Black "Grønvold, Jørn"]
[Result "1/2-1/2"]
[WhiteElo "1916"]
[BlackElo "1704"]
[PlyCount "64"]
[EventDate "2025.??.??"]

1. e4 d6 2. d4 Nf6 3. Nc3 e5 4. dxe5 dxe5 5. Qxd8+ Kxd8 6. Bc4 Be6 7. Bxe6 fxe6
8. f3 Nc6 9. Be3 a6 10. O-O-O+ Bd6 11. Nh3 Ke7 12. Nf2 h6 13. h4 Na5 14. Nd3
Nd7 15. Bf2 Nc6 16. h5 b5 17. Bh4+ Kf7 18. Ne2 Rhf8 19. c3 Nb6 20. b3 a5 21.
Bf2 Rfb8 22. g4 a4 23. b4 Be7 24. f4 exf4 25. Nexf4 Bf6 26. Rhf1 Rd8 27. Ng6
Kg8 28. Kc2 Nc4 29. Bc5 Na3+ 30. Kb2 Nc4+ 31. Kc2 Na3+ 32. Kb2 Nc4+ 1/2-1/2

[Event "Kretsmesterskap  i lagsjakk for Troms og"]
[Site "Hotell Thon - Arena Hall"]
[Date "2025.02.01"]
[Round "2"]
[White "Halvorsen, Benjamin"]
[Black "Mohus, Per Ø."]
[Result "1-0"]
[WhiteElo "1916"]
[BlackElo "1704"]
[PlyCount "61"]
[EventDate "2025.??.??"]

1. e4 c5 2. Nf3 Nc6 3. Bb5 g6 4. O-O Bg7 5. c3 d6 6. h3 e5 7. d4 Qb6 8. Na3
cxd4 9. cxd4 exd4 10. Nc4 Qc7 11. Bf4 Bf8 12. Qxd4 Be6 13. Qxh8 f6 14. Nd4 Bf7
15. Qxh7 O-O-O 16. Nxc6 bxc6 17. Ba6+ Kb8 18. Rfd1 Bxc4 19. Qxc7+ Kxc7 20. Bxc4
Be7 21. Rac1 g5 22. Bg3 Nh6 23. Bd5 Kd7 24. Bxc6+ Ke6 25. Bd5+ Kd7 26. Rc3 Ke8
27. Ra3 Nf7 28. Bxf7+ Kxf7 29. Rxa7 Ke6 30. Ra6 Rd7 31. a4 1-0

[Event "Kretsmesterskap  i lagsjakk for Troms og"]
[Site "Hotell Thon - Arena Hall"]
[Date "2025.02.01"]
[Round "3"]
[White "Hansen, Ola"]
[Black "Velautham, Winston T."]
[Result "1-0"]
[WhiteElo "1639"]
[BlackElo "1438"]
[PlyCount "32"]
[EventDate "2025.??.??"]

1. e4 d6 2. Nf3 Nd7 3. d3 g6 4. g3 Bg7 5. Bg2 Ngf6 6. c3 O-O 7. O-O e5 8. Re1
Qe7 9. Nbd2 Nh5 10. Nf1 Ndf6 11. Bd2 Bg4 12. h3 Be6 13. Qc1 c6 14. g4 Nf4 15.
Bxf4 exf4 16. Qxf4 d5 1-0

[Event "Kretsmesterskap  i lagsjakk for Troms og"]
[Site "Hotell Thon - Arena Hall"]
[Date "2025.02.01"]
[Round "3"]
[White "Høifødt, Jakob S."]
[Black "Machlik, Monika"]
[Result "0-1"]
[WhiteElo "1674"]
[BlackElo "2107"]
[PlyCount "48"]
[EventDate "2025.??.??"]

1. d4 Nf6 2. c4 e6 3. Nf3 Bb4+ 4. Bd2 a5 5. g3 d6 6. Bg2 Nc6 7. O-O e5 8. dxe5
dxe5 9. Bg5 Be6 10. a3 Be7 11. Qc2 O-O 12. Nbd2 h6 13. Bxf6 Bxf6 14. Rfd1 Qc8
15. Nf1 Bf5 16. e4 Bg4 17. Re1 Bxf3 18. Bxf3 Nd4 19. Qc3 Rd8 20. Bg2 c6 21. Ne3
Bg5 22. Nc2 Bd2 23. Qd3 Nxc2 24. Qxc2 Bxe1 0-1

[Event "Kretsmesterskap  i lagsjakk for Troms og"]
[Site "Hotell Thon - Arena Hall"]
[Date "2025.02.02"]
[Round "4"]
[White "Høifødt, Jakob S."]
[Black "Strøm, Henrik M."]
[Result "1-0"]
[WhiteElo "1674"]
[BlackElo "1633"]
[PlyCount "59"]
[EventDate "2025.??.??"]

1. d4 d5 2. c4 e6 3. Nf3 Nf6 4. g3 Nbd7 5. Bg2 b6 6. Bg5 h6 7. Bxf6 Nxf6 8. Nc3
Be7 9. O-O O-O 10. cxd5 exd5 11. Qd2 Bb7 12. e3 Re8 13. Rac1 a6 14. Rfd1 Rc8
15. Ne2 Ne4 16. Qc2 Bd6 17. Nf4 Bxf4 18. gxf4 Qd6 19. Ne5 Qe7 20. Bh3 Rb8 21.
Qxc7 Qxc7 22. Rxc7 Ba8 23. Rdc1 Nd6 24. Nd7 Rbd8 25. Nxb6 Nb5 26. Nxa8 Rxa8 27.
R7c5 Rad8 28. Bg2 g6 29. Bxd5 Kg7 30. Bc6 1-0

[Event "Kretsmesterskap  i lagsjakk for Troms og"]
[Site "Hotell Thon - Arena Hall"]
[Date "2025.01.31"]
[Round "1"]
[White "Jakobsen, Robert"]
[Black "Bech, Håvard E."]
[Result "0-1"]
[WhiteElo "1725"]
[BlackElo "2009"]
[PlyCount "49"]
[EventDate "2025.??.??"]

1. Nf3 d5 2. g3 Nd7 3. Bg2 e5 4. d3 Ngf6 5. Nbd2 Bd6 6. e4 d4 7. O-O c5 8. Nc4
Bc7 9. a4 b6 10. Bh3 O-O 11. Bg5 h6 12. Bd2 a6 13. Nh4 Re8 14. Bf5 Rb8 15. Qc1
Qe7 16. h3 b5 17. axb5 axb5 18. Na5 Rb6 19. Kh2 Ra6 20. Rg1 g6 21. Bxh6 Bxa5
22. Bxg6 fxg6 23. Nxg6 Qh7 24. Qg5 Ng4+ 25. hxg4 0-1

[Event "Kretsmesterskap  i lagsjakk for Troms og"]
[Site "Hotell Thon - Arena Hall"]
[Date "2025.02.01"]
[Round "3"]
[White "Jakobsen, Robert"]
[Black "Søraas, Torben"]
[Result "0-1"]
[WhiteElo "1725"]
[BlackElo "2127"]
[PlyCount "71"]
[EventDate "2025.??.??"]

1. Nf3 Nf6 2. g3 c5 3. Bg2 g6 4. O-O Bg7 5. d3 Nc6 6. Nbd2 O-O 7. e4 d6 8. a4
Rb8 9. Nc4 Bg4 10. h3 Bxf3 11. Bxf3 a6 12. a5 Nd7 13. c3 Nde5 14. Nxe5 Nxe5 15.
Bg2 Qd7 16. f4 Nc6 17. Be3 Rfc8 18. f5 Ne5 19. Qd2 Qb5 20. c4 Qe8 21. fxg6 hxg6
22. Rf4 Bh6 23. Rh4 Bxe3+ 24. Qxe3 Qf8 25. b3 Qg7 26. Rf1 b5 27. axb6 Rxb6 28.
d4 cxd4 29. Qe2 Rxb3 30. Qa2 Rxg3 31. Qxa6 Qf8 32. Kh2 Rc3 33. Rhf4 R3xc4 34.
Rxf7 Nxf7 35. e5 Qg7 36. exd6 0-1

[Event "Kretsmesterskap  i lagsjakk for Troms og"]
[Site "Hotell Thon - Arena Hall"]
[Date "2025.02.02"]
[Round "5"]
[White "Jensen, Stein"]
[Black "Olsen, Alex B."]
[Result "1-0"]
[WhiteElo "1979"]
[BlackElo "1589"]
[PlyCount "61"]
[EventDate "2025.??.??"]

1. Nf3 Nf6 2. c4 d6 3. d4 g6 4. g3 Bg7 5. Bg2 O-O 6. Nc3 Bg4 7. h3 Be6 8. b3 h6
9. e4 c6 10. O-O Qd7 11. Kh2 d5 12. Ne5 Qc8 13. exd5 cxd5 14. Nxd5 Nxd5 15.
cxd5 Bf5 16. Ba3 Qd8 17. Re1 Bxe5 18. dxe5 Bc8 19. Qd2 Kg7 20. Rad1 Re8 21. Bc1
Rh8 22. Qf4 a5 23. e6 f6 24. d6 exd6 25. e7 Qe8 26. Rxd6 Nd7 27. Bb2 Ra6 28.
Bxf6+ Nxf6 29. Qxf6+ Kh7 30. Rxa6 bxa6 31. Bd5 1-0

[Event "Kretsmesterskap  i lagsjakk for Troms og"]
[Site "Hotell Thon - Arena Hall"]
[Date "2025.02.01"]
[Round "3"]
[White "Jensen, Stein"]
[Black "Strøm, Henrik M."]
[Result "1-0"]
[WhiteElo "1979"]
[BlackElo "1633"]
[PlyCount "133"]
[EventDate "2025.??.??"]

1. c4 c5 2. Nc3 g6 3. g3 Bg7 4. Bg2 Nf6 5. a3 Nc6 6. Rb1 a5 7. Nf3 O-O 8. O-O
d6 9. d3 Qc7 10. Bg5 b6 11. Bxf6 exf6 12. Ne1 Be6 13. Nc2 Rac8 14. b4 axb4 15.
axb4 f5 16. Nd5 Bxd5 17. Bxd5 Rfe8 18. bxc5 bxc5 19. Rb5 Rb8 20. Qd2 Rxb5 21.
cxb5 Nd4 22. Nxd4 Bxd4 23. e3 Bf6 24. Qa2 Rb8 25. Rb1 Kg7 26. Qc4 Qa7 27. Kg2
Be5 28. Rc1 Qb6 29. Bc6 Rc8 30. Qd5 Rc7 31. f4 Qa5 32. Rc2 Bf6 33. Qxd6 Be7 34.
Qe5+ Kg8 35. h4 Bf8 36. Kf2 Ra7 37. Qd5 Qa4 38. Qc4 Qa5 39. Qb3 Qb6 40. Bd5 Re7
41. Qc4 Rd7 42. Ra2 Ra7 43. Rc2 Rd7 44. Kf3 Qa5 45. Bc6 Rc7 46. h5 Qe1 47. hxg6
Qf1+ 48. Rf2 Qh1+ 49. Ke2 Qh5+ 50. Kd2 Qxg6 51. Qd5 Ra7 52. b6 Ra6 53. b7 Qd6
54. Qxd6 Bxd6 55. Bd5 Kg7 56. Kc3 Ra5 57. Rb2 Bb8 58. Rh2 Kg6 59. Kc4 Kg7 60.
Rh5 f6 61. Rxf5 Kg6 62. Be4 Kg7 63. Rxc5 Ra1 64. Rc8 Ba7 65. Ra8 Rc1+ 66. Kd5
Rc5+ 67. Kd6 1-0

[Event "Kretsmesterskap  i lagsjakk for Troms og"]
[Site "Hotell Thon - Arena Hall"]
[Date "2025.02.02"]
[Round "4"]
[White "Kristensen, Kjell O."]
[Black "Åsvang, Jon F."]
[Result "0-1"]
[WhiteElo "1990"]
[BlackElo "2006"]
[PlyCount "116"]
[EventDate "2025.??.??"]

1. e4 c5 2. Nf3 Nf6 3. Nc3 d5 4. exd5 Nxd5 5. Bc4 Nb6 6. Bb5+ Bd7 7. Qe2 Nc6 8.
O-O e6 9. a4 a6 10. Bxc6 Bxc6 11. Ne5 Qc7 12. Nxc6 Qxc6 13. d3 Be7 14. Qg4
O-O-O 15. a5 Nd5 16. Qc4 Nxc3 17. bxc3 Qd5 18. Qa4 Bf6 19. Qa3 c4 20. Be3 Rd7
21. Rab1 Be7 22. Qa4 cxd3 23. cxd3 Rc7 24. Bb6 Rc6 25. Qc2 Bd8 26. c4 Bxb6 27.
Rxb6 Qd7 28. Rfb1 Rxb6 29. Rxb6 Rd8 30. Rb3 Qd4 31. h3 Qa1+ 32. Kh2 Qxa5 33. c5
Rd5 34. Rc3 Qc7+ 35. g3 Qc6 36. Rc4 e5 37. Qc3 Kb8 38. Qc2 Ka7 39. Qc3 h5 40.
Qa3 h4 41. gxh4 Qd7 42. Qb4 Rxd3 43. Rg4 Qf5 44. f4 exf4 45. Qxf4 Qxf4+ 46.
Rxf4 Rd7 47. h5 a5 48. Rg4 f6 49. Rg6 Ka6 50. h6 gxh6 51. Rxh6 Kb5 52. h4 Rf7
53. h5 Kxc5 54. Rg6 Rh7 55. h6 a4 56. Rxf6 b5 57. Kg2 b4 58. Kf2 b3 0-1

[Event "Kretsmesterskap  i lagsjakk for Troms og"]
[Site "Hotell Thon - Arena Hall"]
[Date "2025.02.02"]
[Round "4"]
[White "Larsen, Martin H."]
[Black "Søraas, Torben"]
[Result "1-0"]
[WhiteElo "2009"]
[BlackElo "2127"]
[PlyCount "83"]
[EventDate "2025.??.??"]

1. e4 e6 2. d4 d5 3. exd5 exd5 4. Bd3 Nc6 5. c3 Bd6 6. h3 Qf6 7. Nf3 h6 8. Na3
a6 9. Nc2 Nge7 10. Ne3 Be6 11. Qa4 Ng6 12. Ng4 Bxg4 13. hxg4 Nf4 14. Bxf4 Qxf4
15. g5 Qg4 16. Kf1 h5 17. Re1+ Kf8 18. Rh4 Qd7 19. Qc2 g6 20. Ne5 Bxe5 21. dxe5
Re8 22. Rf4 Rxe5 23. Rxe5 Nxe5 24. Bxg6 Kg7 25. Bf5 Qe7 26. Rd4 c6 27. Qd2 Nc4
28. Qf4 Re8 29. Kg1 Nxb2 30. Qh4 Nc4 31. Rf4 Qe1+ 32. Kh2 Ne5 33. g4 Qd2 34.
Kg3 Qxc3+ 35. Kg2 Qd2 36. gxh5 Nd3 37. h6+ Kh8 38. Bxd3 Qxd3 39. Rxf7 Rg8 40.
Qf4 Qe4+ 41. Kg3 Qg6 42. Qe5+ 1-0

[Event "Kretsmesterskap  i lagsjakk for Troms og"]
[Site "Hotell Thon - Arena Hall"]
[Date "2025.02.01"]
[Round "2"]
[White "Larsen, Martin H"]
[Black "Sørensen, O."]
[Result "1-0"]
[WhiteElo "2009"]
[BlackElo "1713"]
[PlyCount "45"]
[EventDate "2025.??.??"]

1. e4 e5 2. d4 exd4 3. c3 dxc3 4. Bc4 Qf6 5. Nxc3 Bb4 6. Bd2 Ne7 7. Qb3 Nbc6 8.
Nf3 d6 9. O-O h6 10. Nd5 Nxd5 11. exd5 Nd4 12. Qe3+ Kf8 13. Nxd4 Bc5 14. Bc3
Bd7 15. Qd3 Qh4 16. Rae1 a6 17. Bb3 Bxd4 18. Bxd4 a5 19. Qc3 Qg5 20. f4 Qg6 21.
f5 Qg4 22. Bd1 Qg5 23. h4 1-0

[Event "Kretsmesterskap  i lagsjakk for Troms og"]
[Site "Hotell Thon - Arena Hall"]
[Date "2025.02.02"]
[Round "5"]
[White "Machlik, Monika"]
[Black "Larsen, Martin H."]
[Result "0-1"]
[WhiteElo "2107"]
[BlackElo "2009"]
[PlyCount "88"]
[EventDate "2025.??.??"]

1. d4 e6 2. c4 Nf6 3. Nc3 d5 4. cxd5 exd5 5. Bg5 Be7 6. e3 c6 7. Bd3 h6 8. Bf4
O-O 9. h3 Nbd7 10. Nf3 Re8 11. O-O Nf8 12. Rb1 Be6 13. Qc2 Qc8 14. Rfc1 Nh5 15.
Bh2 Bf6 16. b4 a6 17. a4 Be7 18. b5 axb5 19. axb5 c5 20. dxc5 Qxc5 21. Nd4 Rec8
22. Qd1 Nf6 23. b6 Qa5 24. Bc7 N8d7 25. Ncb5 Nc5 26. Nc6 bxc6 27. b7 Qa6 28.
Nd6 Nxd3 29. Nxc8 Rxc8 30. bxc8=Q+ Bxc8 31. Rc3 Nb4 32. Qf1 Qa7 33. Be5 Ne4 34.
Ra1 Qd7 35. Rca3 Qf5 36. Ra8 Kh7 37. Bg3 Be6 38. Qe2 c5 39. Bc7 c4 40. Bd8 Bd6
41. Ba5 Qe5 42. Qd1 Qh2+ 43. Kf1 Nc3 44. Qc2+ Nxc2 0-1

[Event "Kretsmesterskap  i lagsjakk for Troms og"]
[Site "Hotell Thon - Arena Hall"]
[Date "2025.02.01"]
[Round "2"]
[White "Machlik, Monka"]
[Black "Rafnung, Skjalg"]
[Result "1-0"]
[WhiteElo "2107"]
[BlackElo "1768"]
[PlyCount "102"]
[EventDate "2025.??.??"]

1. d4 Nf6 2. c4 d5 3. cxd5 Nxd5 4. Nf3 e6 5. e4 Bb4+ 6. Bd2 Bxd2+ 7. Qxd2 Nf6
8. Nc3 Nbd7 9. e5 Nd5 10. Ne4 Qe7 11. Rc1 b6 12. Bd3 Bb7 13. O-O O-O 14. Bb1
Rac8 15. Rfe1 Rfd8 16. Neg5 Nf8 17. Ne4 a5 18. a3 Rd7 19. Bd3 f5 20. exf6 Nxf6
21. Qg5 Nd5 22. Qg4 Nf6 23. Qg5 Nd5 24. Bb5 Rdd8 25. Bc6 Ba6 26. Qg3 Qf7 27.
Neg5 Qf4 28. Rcd1 Qxg3 29. hxg3 Ne7 30. Be4 Bc4 31. Ne5 Bb3 32. Rd2 c5 33. Ngf3
Bd5 34. dxc5 Rxc5 35. Bb1 Rdc8 36. Nd3 R5c7 37. Nfe5 Nfg6 38. Nxg6 Nxg6 39.
Rde2 Bc4 40. Re3 Nf8 41. Nf4 Rc6 42. Be4 Rd6 43. Rc1 a4 44. Bb7 Rc7 45. Ba6
Rdc6 46. Bxc4 Rxc4 47. Rxc4 Rxc4 48. Nxe6 Nd7 49. Re2 Nc5 50. Nf4 Kf7 51. Nd5
b5 1-0

[Event "Kretsmesterskap  i lagsjakk for Troms og"]
[Site "Hotell Thon - Arena Hall"]
[Date "2025.02.02"]
[Round "4"]
[White "Machlik, Monika"]
[Black "Shabalin, Vladimir"]
[Result "1-0"]
[WhiteElo "2107"]
[BlackElo "1739"]
[PlyCount "96"]
[EventDate "2025.??.??"]

1. d4 d5 2. c4 Nf6 3. cxd5 Nxd5 4. Nf3 Nc6 5. e4 Nb6 6. h3 e6 7. Be2 Bb4+ 8.
Nc3 O-O 9. O-O Bxc3 10. bxc3 h6 11. Bf4 Ne7 12. Ne5 Nd7 13. Nd3 Ng6 14. Bg3 Nf6
15. Bf3 c6 16. a4 Qa5 17. Ra3 Qg5 18. Qc1 Nh4 19. Qd1 Nxf3+ 20. Qxf3 Qg6 21.
Re1 Qh5 22. Qe3 Nd7 23. a5 b6 24. axb6 Nxb6 25. Qc1 Qb5 26. Qc2 Nc4 27. Ra4 Nb6
28. Rb4 Qa5 29. Qb2 Nd7 30. Ra1 Qg5 31. Bd6 Re8 32. Rba4 a6 33. Ra5 Qg6 34. Qe2
f6 35. Nb4 Bb7 36. Nxa6 Bxa6 37. Rxa6 Rxa6 38. Rxa6 Rc8 39. f3 e5 40. Ra7 Qe8
41. Qa6 Kf7 42. Qb7 Ke6 43. Bc7 Nf8 44. d5+ Kf7 45. Bd6+ Nd7 46. Qxd7+ Qxd7 47.
Rxd7+ Kg6 48. Rc7 Rxc7 1-0

[Event "Kretsmesterskap  i lagsjakk for Troms og"]
[Site "Hotell Thon - Arena Hall"]
[Date "2025.01.31"]
[Round "1"]
[White "Madsen, Erlend"]
[Black "Fredriksen, Johnny"]
[Result "0-1"]
[WhiteElo "1641"]
[BlackElo "1812"]
[PlyCount "118"]
[EventDate "2025.??.??"]

1. d4 d6 2. c4 Nf6 3. Bf4 g6 4. e3 Bg7 5. Nf3 O-O 6. Be2 c6 7. O-O Qb6 8. b3
Nbd7 9. Nbd2 Re8 10. Rc1 Nf8 11. h3 c5 12. Bh2 cxd4 13. Nxd4 Ne6 14. N2f3 Nxd4
15. Nxd4 a6 16. Bd3 Nd7 17. Bb1 Nc5 18. Ne2 Ne6 19. Nc3 Bxc3 20. Rxc3 Bd7 21.
Qd2 Bc6 22. Bd3 Qc5 23. Qc2 Qg5 24. Be4 Rac8 25. Bxc6 Rxc6 26. b4 Rec8 27. Rc1
Qf6 28. Qd3 b5 29. Qd5 Rxc4 30. Rxc4 Rxc4 31. Qd2 Nc7 32. Bg3 Qe6 33. Rxc4 Qxc4
34. Qb2 Nd5 35. a3 Nc3 36. Kh2 Ne2 37. f3 Qd3 38. e4 Qd1 39. Bf2 e5 40. h4 Nf4
41. Bg3 Qe2 42. Qxe2 Nxe2 43. Be1 Kf8 44. Bd2 Ke7 45. g3 Ke6 46. Kg2 d5 47. Kf2
Nd4 48. Bc1 Nb3 49. Bb2 Nd2 50. Ke2 Nc4 51. Bc1 h5 52. Kd3 f5 53. exd5+ Kxd5
54. Kc3 Nd6 55. Bh6 e4 56. f4 Nc4 57. Bf8 Nxa3 58. Bc5 Nc4 59. Kc2 a5 0-1

[Event "Kretsmesterskap  i lagsjakk for Troms og"]
[Site "Hotell Thon - Arena Hall"]
[Date "2025.02.02"]
[Round "5"]
[White "Madsen, Erlend"]
[Black "Mathisen, Pål S."]
[Result "0-1"]
[WhiteElo "1641"]
[BlackElo "1740"]
[PlyCount "62"]
[EventDate "2025.??.??"]

1. d4 Nf6 2. c4 e6 3. Bf4 Bb4+ 4. Nd2 Ne4 5. Ngf3 c5 6. a3 Nxd2 7. axb4 Nxf3+
8. gxf3 cxb4 9. Bg2 d6 10. Bg3 O-O 11. h4 f5 12. e3 a5 13. b3 Qe7 14. Ke2 Bd7
15. Qc2 e5 16. dxe5 dxe5 17. f4 Bc6 18. Bxc6 Nxc6 19. fxe5 Nxe5 20. Rhd1 b6 21.
Rd5 Ng6 22. Rad1 f4 23. Rd7 Qe6 24. R1d6 Qg4+ 25. Ke1 fxg3 26. Qb2 gxf2+ 27.
Qxf2 Rxf2 28. Kxf2 Rf8+ 29. Ke1 Qg2 30. Rd8 Qf2+ 31. Kd1 Qxe3 0-1

[Event "Kretsmesterskap  i lagsjakk for Troms og"]
[Site "Hotell Thon - Arena Hall"]
[Date "2025.01.31"]
[Round "1"]
[White "Magnussen, Einar"]
[Black "Mohus, Per Ø."]
[Result "0-1"]
[WhiteElo "1577"]
[BlackElo "1704"]
[PlyCount "88"]
[EventDate "2025.??.??"]

1. c4 Nf6 2. g3 g6 3. Bg2 Bg7 4. Nf3 Nc6 5. Nc3 e6 6. d4 O-O 7. O-O d5 8. h3
Ne7 9. Be3 c6 10. Qc1 Nf5 11. Bg5 Qc7 12. Bf4 Qd8 13. Ne5 Nd7 14. Qd2 f6 15.
Nf3 b6 16. e4 Ne7 17. Bh6 Ba6 18. Bxg7 Kxg7 19. b3 Rc8 20. Rfe1 dxc4 21. bxc4
Bxc4 22. Rac1 b5 23. Nb1 e5 24. Na3 Bf7 25. Rc2 a6 26. Rec1 Qb6 27. dxe5 Nxe5
28. Nxe5 fxe5 29. Qg5 Qc7 30. Rc5 Bxa2 31. Rxe5 Rf7 32. Rec5 Qa5 33. Nc2 Bc4
34. Qe5+ Kg8 35. Ne3 Qd2 36. Rd1 Qxf2+ 37. Kh2 Qxe3 38. Rd7 Nd5 39. Rxc6 Rcf8
40. Rxf7 Kxf7 41. Qe6+ Kg7 42. Qe5+ Nf6 43. Rc7+ Rf7 44. Rc8 Qe2 0-1

[Event "Kretsmesterskap  i lagsjakk for Troms og"]
[Site "Hotell Thon - Arena Hall"]
[Date "2025.02.02"]
[Round "4"]
[White "Mohus, Per Ø."]
[Black "Natvig, Håkon T."]
[Result "1-0"]
[WhiteElo "1704"]
[BlackElo "1786"]
[PlyCount "127"]
[EventDate "2025.??.??"]

1. f4 d5 2. Nf3 Nf6 3. e3 Bg4 4. Bb5+ c6 5. Bd3 Nbd7 6. O-O e6 7. b3 Bd6 8. Bb2
O-O 9. Qe1 Bxf3 10. Rxf3 e5 11. fxe5 Nxe5 12. Rh3 Nxd3 13. cxd3 Re8 14. Qh4 Be5
15. Nc3 h6 16. d4 Bd6 17. Rf1 Ne4 18. Nxe4 Rxe4 19. Qf2 Qd7 20. d3 Re6 21. Rf3
f6 22. Qh4 Rae8 23. Qh3 R6e7 24. Bc1 Qxh3 25. Rxh3 a5 26. Rhf3 Ra8 27. a4 Rae8
28. g3 Bb4 29. Kg2 Re6 30. Rf4 Bd6 31. R4f3 Bb4 32. h4 R6e7 33. g4 Re6 34. Kh3
Be7 35. Rg1 Bd8 36. Bd2 Kh7 37. Rh1 Kg6 38. h5+ Kh7 39. Rb1 Be7 40. Bxa5 c5 41.
Bc3 Bd6 42. Re1 b6 43. dxc5 bxc5 44. Bd2 Rb8 45. Rb1 c4 46. dxc4 dxc4 47. b4
Be5 48. e4 Rd6 49. Be1 Rd3 50. Rxd3 cxd3 51. Rb3 Rd8 52. Bd2 Rd4 53. a5 Rxe4
54. Rxd3 Re2 55. g5 hxg5 56. Kg4 Re4+ 57. Kf5 Rd4 58. Rxd4 Bxd4 59. b5 Kh6 60.
Ke4 Bc5 61. Be3 f5+ 62. Kd3 Bd6 63. a6 f4 64. Bg1 1-0